000 00306nam a22001217a 4500
041 _aENG
100 _aRidley,B.K
245 _aTraining Notes On Regional remote Sensing Service Centre Nagpur
260 _aSatra
_bDagadl Shailesh hijada
_c1996
300 _a128
650 _aSWCE
856 _uSWCE ( 24 )
999 _c1854
_d1854